[Event "4th HD Bank Cup 2014"]
[Site "Ho Chi Minh City VIE"]
[Date "2014.03.14"]
[Round "8.31"]
[White "Borsos, Bogdan"]
[Black "Ngo, Kim Cuong"]
[Result "1-0"]
[WhiteTitle "IM"]
[WhiteElo "2271"]
[BlackElo "1995"]
[WhiteFideId "14100568"]
[BlackFideId "12400890"]
[EventDate "2014.03.10"]

1. e4 c5 2. c3 e6 3. d4 d5 4. e5 Qb6 5. Nf3 Nc6 6. a3 Bd7 7. b4 c4 8. a4 Qc7 9.
g3 g6 10. h4 h6 11. Na3 a6 12. Bf4 Nge7 13. Bg2 Bg7 14. Qc1 Qd8 15. O-O Nf5 16.
Nc2 h5 17. Bg5 Nce7 18. Bh3 Qc8 19. Qb2 Bh6 20. Bf6 Bg7 21. Bxg7 Nxg7 22. Ne3
Nef5 23. Ng2 b6 24. Ng5 Qd8 25. Ra2 Qe7 26. Qd2 O-O-O 27. Qf4 Rdf8 28. Ne3 f6
29. exf6 Rxf6 30. Qe5 Nxe3 31. Qxe3 Nf5 32. Qe5 Re8 33. Re1 Nh6 34. Rae2 Nf5 35.
Kh2 Kb7 36. a5 b5 37. Bg2 Kc6 38. f4 Qd8 39. Bf3 Nh6 40. Ne4 Ng4+ 41. Bxg4 dxe4
42. Qxe4+ Kd6 43. Qe5+ Ke7 44. Bh3 Kf7 45. Qd6 Bc8 46. Qxd8 Rxd8 47. Re5 Rf5 48.
Bxf5 gxf5 49. Rc5 Kf6 50. Rc6 Ke7 51. d5 Kd7 52. Rexe6 Bb7 53. Rb6 1-0

[Event "4th HD Bank Cup 2014"]
[Site "Ho Chi Minh City VIE"]
[Date "2014.03.14"]
[Round "8.32"]
[White "Pham, Bich Ngoc"]
[Black "Doan, Van Duc"]
[Result "1/2-1/2"]
[WhiteTitle "WIM"]
[WhiteElo "2186"]
[BlackElo "2124"]
[WhiteFideId "12401285"]
[BlackFideId "12400335"]
[EventDate "2014.03.10"]

1. c4 e5 2. Nc3 Nc6 3. g3 Nf6 4. Bg2 Bc5 5. a3 a6 6. b4 Ba7 7. e3 d6 8. Nge2 O-O
9. O-O Bf5 10. d3 Qd7 11. Nd5 Nxd5 12. Bxd5 Rab8 13. Nc3 Ne7 14. Bf3 c6 15. d4
Ng6 16. d5 Bh3 17. dxc6 bxc6 18. Re1 f5 19. Bh5 Bg4 20. Bxg4 fxg4 21. Ra2 Qe6
22. Qd3 Rbd8 23. Rd1 Ne7 24. Rad2 d5 25. c5 Qc8 26. Bb2 Ng6 27. e4 d4 28. Na4
Rf6 29. Qc4+ Kh8 30. Rc2 Nf8 31. Bc1 Ne6 32. Qf1 h6 33. Nb2 Bb8 34. Nd3 Bc7 35.
Bd2 Rdf8 36. a4 Rf3 37. Rb1 Qd7 38. Qe2 1/2-1/2

[Event "4th HD Bank Cup 2014"]
[Site "Ho Chi Minh City VIE"]
[Date "2014.03.14"]
[Round "8.33"]
[White "Nguyen, Phuoc Tam"]
[Black "Ngo, Thi Kim Tuyen"]
[Result "1/2-1/2"]
[WhiteElo "2055"]
[BlackElo "2083"]
[WhiteFideId "12402109"]
[BlackFideId "12400505"]
[EventDate "2014.03.10"]

1. e4 c5 2. Nc3 d6 3. g3 Nf6 4. Bg2 g6 5. Nge2 Bg7 6. O-O O-O 7. d3 Nc6 8. h3
Rb8 9. a4 b6 10. Be3 Bb7 11. Qd2 Nb4 12. d4 cxd4 13. Nxd4 a5 14. Rad1 d5 15.
Ndb5 Nxe4 16. Bxe4 dxe4 17. Qxd8 Rfxd8 18. Bxb6 Rxd1 19. Rxd1 Nxc2 20. Bxa5 e3
21. Rd8+ Rxd8 22. Bxd8 Kf8 23. Bb6 e2 24. Nxe2 Bxb2 25. a5 Nb4 26. Nec3 Na6 27.
Na4 Be5 28. f4 Bb8 29. Bf2 Bc6 30. Nbc3 Ke8 31. Nb6 e6 32. Bd4 Bd6 33. Kf2 Bb4
34. Nc4 Ke7 35. Ke3 Bd5 36. Nxd5+ exd5 37. Ne5 Be1 38. g4 f6 39. Nc6+ Kd7 40.
Na7 Bxa5 41. Bxf6 Nb4 42. Nb5 Nc2+ 43. Kd3 Ne1+ 44. Ke2 1/2-1/2

[Event "4th HD Bank Cup 2014"]
[Site "Ho Chi Minh City VIE"]
[Date "2014.03.14"]
[Round "8.34"]
[White "Le, Minh Hoang"]
[Black "Le, Thi Phuong Lien"]
[Result "0-1"]
[WhiteTitle "CM"]
[BlackTitle "WFM"]
[WhiteElo "1931"]
[BlackElo "2143"]
[WhiteFideId "12404683"]
[BlackFideId "12400254"]
[EventDate "2014.03.10"]

1. d4 d5 2. c4 dxc4 3. Nf3 Nf6 4. e3 e6 5. Bxc4 a6 6. O-O c5 7. b3 b5 8. Be2 Bb7
9. a4 b4 10. Bb2 Nbd7 11. Nbd2 cxd4 12. Nxd4 Be7 13. Bf3 Nd5 14. Rc1 Rc8 15.
Rxc8 Qxc8 16. Nc4 O-O 17. Nf5 exf5 18. Bxd5 Rd8 19. Bxb7 Qxb7 20. Nd6 Qb6 21.
Nxf5 Bf6 22. Bxf6 Nxf6 23. Qc2 Nd5 24. Qc4 Nc3 25. h3 a5 26. Nd4 h6 27. Nc6 Re8
28. Rc1 Rxe3 29. fxe3 Qxe3+ 30. Kh2 Qxc1 31. Ne5 Na2 32. Qxf7+ Kh7 33. Qf5+ Kg8
34. Qf7+ Kh7 35. Ng6 Qg5 36. Nf8+ Kh8 37. Nd7 Qd8 38. Qf5 Nc3 39. Ne5 Qb8 40.
Kh1 Qe8 41. Ng6+ Kg8 42. Kh2 Ne2 43. Qd5+ Kh7 44. Ne5 Nc3 45. Qxa5 Qf8 46. Nf3
Qf4+ 47. Kh1 Ne4 48. Qc5 0-1

[Event "4th HD Bank Cup 2014"]
[Site "Ho Chi Minh City VIE"]
[Date "2014.03.14"]
[Round "8.35"]
[White "Duong, Thuong Cong"]
[Black "Luu, Duc Hai"]
[Result "1-0"]
[WhiteElo "2078"]
[BlackElo "1913"]
[WhiteFideId "12402443"]
[BlackFideId "12412228"]
[EventDate "2014.03.10"]

1. e4 d6 2. d4 g6 3. Nc3 Bg7 4. Be3 a6 5. a4 Nf6 6. f3 b6 7. Qd2 Nbd7 8. Bh6 O-O
9. h4 e5 10. d5 Nh5 11. Nge2 f5 12. Bxg7 Kxg7 13. exf5 gxf5 14. O-O-O f4 15. Qe1
Ndf6 16. Rg1 Kh8 17. g4 fxg3 18. Nxg3 Rg8 19. Bd3 Qe7 20. Nxh5 Nxh5 21. Rxg8+
Kxg8 22. Qg1+ Qg7 23. Qe3 Qf7 24. Rg1+ Ng7 25. Qh6 Qf4+ 26. Qxf4 exf4 27. Ne2
Bb7 28. Nxf4 Rf8 29. Ne6 Rf7 30. Nd8 Bxd5 31. Nxf7 Bxf7 32. Bxa6 Bh5 33. Bb7 Kf7
34. Bd5+ Kf6 35. b4 Be8 36. a5 bxa5 37. bxa5 Bb5 38. Bb7 Nf5 39. a6 Bxa6 40.
Bxa6 Nxh4 41. Bb7 h6 42. f4 Kf7 43. Be4 Kf6 44. Kd2 Ke6 45. Rg4 d5 46. Rxh4 dxe4
47. Rxh6+ Kf5 48. Ke3 1-0

[Event "4th HD Bank Cup 2014"]
[Site "Ho Chi Minh City VIE"]
[Date "2014.03.14"]
[Round "8.36"]
[White "Tran, Le Dan Thuy"]
[Black "Tran, Minh Thang"]
[Result "1-0"]
[WhiteElo "2005"]
[BlackElo "2071"]
[WhiteFideId "12403407"]
[BlackFideId "12401080"]
[EventDate "2014.03.10"]

1. d4 Nf6 2. c4 e6 3. Nc3 Bb4 4. Bg5 h6 5. Bh4 b6 6. Nf3 Bb7 7. e3 O-O 8. Bd3 d6
9. O-O Bxc3 10. bxc3 c5 11. Qe2 Nc6 12. Rab1 e5 13. d5 Na5 14. Nd2 Qe7 15. f4
exf4 16. exf4 Qxe2 17. Bxe2 Rfe8 18. Bd3 Ng4 19. Rfe1 Ba6 20. Bf5 h5 21. h3 Nh6
22. Bd3 Kf8 23. Kf2 g6 24. Kf3 Kg7 25. g4 hxg4+ 26. hxg4 Bc8 27. g5 Nf5 28. Rxe8
Nxh4+ 29. Kg3 Nf5+ 30. Bxf5 gxf5 31. Rh1 Bb7 32. Rxa8 Bxa8 33. Rh6 Nb7 34. Rf6 1-0

[Event "4th HD Bank Cup 2014"]
[Site "Ho Chi Minh City VIE"]
[Date "2014.03.14"]
[Round "8.37"]
[White "Doan, Thi Van Anh"]
[Black "Tran, Quang Khai"]
[Result "1-0"]
[WhiteTitle "WFM"]
[WhiteElo "1994"]
[BlackElo "2091"]
[WhiteFideId "12400491"]
[BlackFideId "12402591"]
[EventDate "2014.03.10"]

1. d4 Nf6 2. Nf3 e6 3. e3 b6 4. Bd3 Bb7 5. Nbd2 Bb4 6. c3 Be7 7. O-O d5 8. Ne5
O-O 9. Qc2 Nbd7 10. f4 c5 11. b3 Rc8 12. f5 Qc7 13. Nxf7 Kxf7 14. fxe6+ Kxe6 15.
e4 Nxe4 16. Nxe4 Rxf1+ 17. Bxf1 dxe4 18. Bc4+ Bd5 19. Qxe4+ Kf7 1-0

[Event "4th HD Bank Cup 2014"]
[Site "Ho Chi Minh City VIE"]
[Date "2014.03.14"]
[Round "8.38"]
[White "Frost, Peter"]
[Black "Wolfaardt, Francois"]
[Result "1-0"]
[WhiteElo "1781"]
[BlackElo "1785"]
[WhiteFideId "3204634"]
[BlackFideId "14302578"]
[EventDate "2014.03.10"]

1. e4 e5 2. Nf3 Nc6 3. Bc4 Bc5 4. b4 Bxb4 5. c3 Bc5 6. O-O Nf6 7. d4 Bd6 8. dxe5
Bxe5 9. Ng5 Nxe4 10. Nxe4 Qh4 11. f4 Bf6 12. g3 Qh3 13. Re1 O-O 14. Nxf6+ gxf6
15. Nd2 Qf5 16. Ne4 Kg7 17. g4 Qa5 18. Qd5 Qxd5 19. Bxd5 Ne7 20. Bb3 Re8 21. Ng3
Kf8 22. f5 Ng8 23. Ba3+ d6 24. Rxe8+ Kxe8 25. Re1+ Kf8 26. Ba4 b5 27. Bxb5 Bb7
28. Bf1 Re8 29. Rxe8+ Kxe8 30. Bg2 Bxg2 31. Kxg2 Kd7 32. Nh5 Kc6 33. c4 d5 34.
cxd5+ Kxd5 35. Kf3 Kd4 36. Bb2+ Kd3 37. Nf4+ Kc2 38. Bd4 a5 39. Bc5 Kc3 40. Ke4
Kc4 41. Nd3 Nh6 42. h3 Ng8 43. Bf8 c6 44. a3 Kc3 45. Nc5 Kc4 46. Nb7 a4 47. Bd6
Kc3 48. Bf8 Kd2 49. Nc5 Kc3 50. Nxa4+ Kb3 51. Nb6 Nh6 52. a4 Ng8 53. a5 Ne7 54.
Bxe7 h6 55. Kd4 Kc2 56. a6 Kd2 57. a7 Ke2 58. a8=Q Kf3 59. Qxc6+ Kg3 60. Qc3+
Kh4 61. Bxf6# 1-0

[Event "4th HD Bank Cup 2014"]
[Site "Ho Chi Minh City VIE"]
[Date "2014.03.14"]
[Round "8.39"]
[White "Nguyen, Truong Bao Tran"]
[Black "Pham, Hoang Nhat Anh"]
[Result "1-0"]
[WhiteElo "1889"]
[BlackElo "1513"]
[WhiteFideId "12402311"]
[BlackFideId "12403148"]
[EventDate "2014.03.10"]

1. c4 g6 2. d4 Bg7 3. Nc3 Nf6 4. e3 O-O 5. Nf3 d6 6. Be2 c5 7. O-O Nc6 8. h3 b6
9. b3 Bf5 10. Bb2 Ne4 11. Rc1 Rc8 12. Nh4 Nxc3 13. Bxc3 Bd7 14. d5 Nb4 15. Bxg7
Kxg7 16. a3 Na6 17. e4 Nc7 18. f4 e6 19. dxe6 Bxe6 20. Qe1 a6 21. f5 Bd7 22. Rd1
Bc6 23. f6+ Kh8 24. Bg4 Rb8 25. Qe3 Rg8 26. Nf3 Qf8 27. Ng5 Ne8 28. e5 dxe5 29.
Qxe5 Ra8 30. Nxf7+ Qxf7 31. Be6 Qf8 32. f7+ 1-0

[Event "4th HD Bank Cup 2014"]
[Site "Ho Chi Minh City VIE"]
[Date "2014.03.15"]
[Round "9.3"]
[White "Gomez, John Paul"]
[Black "Zhang, Zhong"]
[Result "0-1"]
[WhiteTitle "GM"]
[BlackTitle "GM"]
[WhiteElo "2534"]
[BlackElo "2600"]
[WhiteFideId "5201381"]
[BlackFideId "8600694"]
[EventDate "2014.03.10"]

1. d4 f5 2. c4 Nf6 3. g3 g6 4. Bg2 Bg7 5. Nf3 d6 6. O-O O-O 7. Nc3 Qe8 8. b4 h6
9. Bb2 c6 10. d5 a5 11. a3 axb4 12. axb4 Rxa1 13. Bxa1 Na6 14. Qb3 c5 15. b5 Nb4
16. Bb2 e5 17. dxe6 Bxe6 18. Ba3 Qf7 19. Nd2 d5 20. cxd5 Nfxd5 21. Nxd5 Nxd5 22.
Bxc5 Nc3 23. Qa3 Rd8 24. Nf3 Nxe2+ 25. Kh1 Nc3 26. Qb4 Bc4 27. Re1 Ne4 28. Qa5
Qd5 29. Bb6 Bc3 30. Qa7 Bxe1 31. Nxe1 Qd1 0-1

[Event "4th HD Bank Cup 2014"]
[Site "Ho Chi Minh City VIE"]
[Date "2014.03.15"]
[Round "9.4"]
[White "Lu, Shanglei"]
[Black "Prasanna Raghuram Rao"]
[Result "1/2-1/2"]
[WhiteTitle "GM"]
[BlackTitle "IM"]
[WhiteElo "2558"]
[BlackElo "2410"]
[WhiteFideId "8603332"]
[BlackFideId "5022401"]
[EventDate "2014.03.10"]

1. e4 e5 2. Nc3 Nf6 3. g3 c6 4. d4 exd4 5. Qxd4 d5 6. Nf3 Nbd7 7. Bh3 dxe4 8.
Ng5 Be7 9. Be3 c5 10. Qd2 Qb6 11. Nd5 Qd6 12. Nc3 Qb6 13. O-O-O O-O 14. Bf4 h6
15. Ngxe4 Nxe4 16. Nxe4 Nf6 17. Bg2 Bg4 18. Rde1 Rad8 19. Qc3 Nd5 20. Qb3 Qxb3
21. axb3 Nxf4 22. gxf4 b6 23. Re3 Bd6 24. Nxd6 Rxd6 25. Rhe1 Rfd8 26. Re8+ Rxe8
27. Rxe8+ Kh7 28. Be4+ g6 29. Bd3 Be6 30. Kd2 1/2-1/2

[Event "4th HD Bank Cup 2014"]
[Site "Ho Chi Minh City VIE"]
[Date "2014.03.15"]
[Round "9.5"]
[White "Dang, Hoang Son"]
[Black "Nguyen, Duc Hoa"]
[Result "0-1"]
[WhiteTitle "FM"]
[BlackTitle "IM"]
[WhiteElo "2043"]
[BlackElo "2496"]
[WhiteFideId "12402435"]
[BlackFideId "12401358"]
[EventDate "2014.03.10"]

1. d4 Nf6 2. c4 g6 3. g3 Bg7 4. Bg2 O-O 5. Nf3 d5 6. O-O dxc4 7. Na3 c3 8. bxc3
c5 9. Qb3 Nc6 10. Rd1 Be6 11. Qxb7 Bd5 12. Bf4 Nxd4 13. Qa6 Qb6 14. Qd3 Be4 15.
Qc4 Bd5 16. Qd3 Ne6 17. Be5 Rad8 18. c4 Be4 19. Qc3 Bh6 20. Qb3 Qc6 21. Nb5 Nd7
22. Nc3 Bxf3 23. Bxf3 Qa6 24. Bb7 Qa5 25. Rxd7 Rxd7 26. Nd5 Bg7 27. Bxg7 Kxg7
28. Qb2+ f6 29. Bc6 Rd6 30. Qb7 Qd8 31. Ba4 a6 32. Rb1 Nd4 33. Kf1 Rf7 34. Nc7
Kg8 35. Qa7 Rf8 36. Rb7 Qc8 37. Nd5 Qh3+ 38. Ke1 Re6 39. e3 Qxh2 40. Nxe7+ Kh8
41. Nd5 Qg1+ 42. Kd2 Qxf2+ 43. Kc1 Ne2+ 44. Kb2 Nxg3+ 45. Bc2 Qh2 46. Nf4 Ree8
47. Qxc5 Nf5 48. Qc7 Qh6 49. Bxf5 gxf5 50. Nd5 f4 51. exf4 Rg8 52. Ka3 Rc8 53.
Qd6 Qf8 54. c5 Rg7 55. Qxf8+ Rxf8 56. Rb6 Rd7 57. Nxf6 Rd4 58. c6 Rxf6 59. c7
Rd3+ 60. Ka4 Rxf4+ 61. Rb4 Rc3 62. Rxf4 Rxc7 63. Rf6 Ra7 64. Ka5 Kg7 65. Rf2 Ra8
66. a4 h5 67. Kb6 a5 68. Kb7 Rf8 69. Rg2+ Kh6 70. Ka6 Rf5 71. Rg8 h4 72. Rh8+
Kg5 73. Rg8+ Kf4 74. Rc8 h3 75. Rc4+ Kg3 76. Rc3+ Kg4 77. Rc2 Rh5 78. Rh2 Kg3
79. Rh1 h2 80. Rc1 Kf4 81. Re1 h1=Q 82. Rxh1 Rxh1 83. Kxa5 Ke5 0-1

[Event "4th HD Bank Cup 2014"]
[Site "Ho Chi Minh City VIE"]
[Date "2014.03.15"]
[Round "9.6"]
[White "Dao, Thien Hai"]
[Black "Yap, Kim Steven"]
[Result "0-1"]
[WhiteTitle "GM"]
[BlackTitle "IM"]
[WhiteElo "2508"]
[BlackElo "2407"]
[WhiteFideId "12400084"]
[BlackFideId "5202809"]
[EventDate "2014.03.10"]

1. d4 Nf6 2. c4 g6 3. f3 Bg7 4. e4 d6 5. Nc3 O-O 6. Be3 e5 7. d5 Nh5 8. g3 f5 9.
Qd2 Nd7 10. O-O-O Ndf6 11. Bd3 a6 12. Kb1 Qe7 13. Nge2 Bd7 14. Qc2 Rae8 15. Nc1
Kh8 16. Rhe1 fxe4 17. Nxe4 Nxe4 18. Bxe4 b6 19. Ne2 Rf7 20. Nc3 Qf8 21. Bc1 Bh6
22. Bxh6 Qxh6 23. Re2 Ref8 24. a3 Nf6 25. Bd3 Ng8 26. Be4 Qh3 27. Ka2 Nf6 28.
Bd3 Ng8 29. Be4 Kg7 30. Rde1 Ne7 31. Qd2 Qh6 32. Qxh6+ Kxh6 33. Nb1 Nf5 34. Nd2
Nd4 35. Re3 Bf5 36. Bxf5 Rxf5 37. Rf1 g5 38. h3 Kg6 39. b4 h5 40. g4 hxg4 41.
hxg4 R5f7 42. Kb2 Rh8 43. Rf2 Rh1 44. Ne4 Rf8 45. c5 bxc5 46. bxc5 Rb8+ 47. Ka2
Rbb1 48. Nc3 Ra1+ 49. Kb2 Nb5 50. Nxb5 Rhb1+ 51. Kc3 Rxb5 52. cxd6 Rxa3+ 53. Kc4
Ra4+ 54. Kc3 cxd6 0-1

[Event "4th HD Bank Cup 2014"]
[Site "Ho Chi Minh City VIE"]
[Date "2014.03.15"]
[Round "9.7"]
[White "Pham, Chuong"]
[Black "Shyam, Sundar M."]
[Result "0-1"]
[WhiteTitle "FM"]
[BlackTitle "GM"]
[WhiteElo "2353"]
[BlackElo "2507"]
[WhiteFideId "12401218"]
[BlackFideId "5019141"]
[EventDate "2014.03.10"]

1. d4 Nf6 2. c4 g6 3. Nf3 Bg7 4. g3 d5 5. cxd5 Nxd5 6. Bg2 Nb6 7. O-O Nc6 8. e3
O-O 9. Nc3 Re8 10. d5 Na5 11. Nd4 Bd7 12. b3 Rc8 13. Bb2 c5 14. Nde2 Na8 15. Qd2
b5 16. Rac1 Qb6 17. h4 b4 18. Ne4 c4 19. Bxg7 Kxg7 20. bxc4 Nxc4 21. Qd1 Bg4 22.
Qd4+ Qxd4 23. Nxd4 Nab6 24. Nc6 a5 25. Nc5 e6 26. dxe6 Bxe6 27. Nb7 Ra8 28. Nd4
Rac8 29. Nc6 Ra8 30. Nc5 Rac8 31. Nb3 Na4 32. Na7 Nc3 33. Nxc8 Ne2+ 34. Kh2 Nxc1
35. Rxc1 Rxc8 36. Bb7 Rb8 37. Bc6 Ne5 38. Ba4 Rd8 39. e4 h5 40. Kg2 Nd3 41. Rb1
f5 42. Bc6 fxe4 43. Ra1 Rf8 44. Bxe4 Nxf2 45. Bf3 Bxb3 46. axb3 Nd3 47. Be4 Nc5
48. Bd5 Rd8 49. Bc4 Rd2+ 50. Kf3 Nxb3 51. Bxb3 Rd3+ 52. Kf4 Rxb3 53. Rxa5 Rc3
54. Ra7+ Kf6 55. Ra6+ Kf7 56. Ra7+ Ke6 57. Ra6+ Kf7 58. Ra7+ Ke6 59. Ra6+ Kd5
60. Rxg6 b3 61. Rb6 Kc5 62. Rb8 Rc4+ 63. Ke3 Rb4 64. Rc8+ Kd5 65. Rc1 b2 66. Rb1
Kc4 67. Kf4 Kc3+ 68. Kg5 Rb5+ 0-1

[Event "4th HD Bank Cup 2014"]
[Site "Ho Chi Minh City VIE"]
[Date "2014.03.15"]
[Round "9.8"]
[White "Diu, Viacheslav"]
[Black "Shyam, Nikil P."]
[Result "1/2-1/2"]
[WhiteTitle "IM"]
[BlackTitle "IM"]
[WhiteElo "2474"]
[BlackElo "2431"]
[WhiteFideId "4167465"]
[BlackFideId "5024218"]
[EventDate "2014.03.10"]

1. d4 Nf6 2. c4 e6 3. Nf3 d5 4. Nc3 Bb4 5. Bg5 h6 6. Bxf6 Qxf6 7. Qb3 Bxc3+ 8.
Qxc3 c6 9. e3 Nd7 10. Bd3 dxc4 11. Bxc4 c5 12. O-O cxd4 13. exd4 O-O 14. Bb3 b5
15. Qc7 a5 16. Rac1 Qd8 17. a3 a4 18. Ba2 Rb8 19. d5 exd5 20. Bxd5 Qxc7 21. Rxc7
Nb6 22. Ba2 Bb7 23. Rd1 Bxf3 24. gxf3 Nc4 25. Bxc4 bxc4 26. Rxc4 Rxb2 27. Rxa4
Rc8 28. Rb4 Ra2 29. Rb3 1/2-1/2

[Event "4th HD Bank Cup 2014"]
[Site "Ho Chi Minh City VIE"]
[Date "2014.03.15"]
[Round "9.9"]
[White "Tran, Quoc Dung"]
[Black "Nguyen, Anh Dung"]
[Result "1-0"]
[BlackTitle "GM"]
[WhiteElo "2270"]
[BlackElo "2469"]
[WhiteFideId "12400645"]
[BlackFideId "12400025"]
[EventDate "2014.03.10"]

1. d4 Nf6 2. c4 g6 3. Nc3 Bg7 4. e4 d6 5. f3 O-O 6. Be3 e5 7. d5 Nh5 8. Qd2 Qh4+
9. g3 Nxg3 10. Qf2 Nxf1 11. Qxh4 Nxe3 12. Qf2 Nxc4 13. Qe2 Nb6 14. O-O-O c6 15.
Kb1 cxd5 16. Nxd5 Nc6 17. Nxb6 axb6 18. Rxd6 Be6 19. b3 Nb4 20. Qb5 Nxa2 21. Ne2
Rfc8 22. Rhd1 Bf8 23. Rxe6 fxe6 24. Qxe5 Bg7 25. Qxe6+ Kh8 26. Rd7 Nc3+ 27. Nxc3
Bxc3 28. Qf7 Ra1+ 29. Kc2 Be5+ 30. Kd3 Rd1+ 31. Ke2 Rxd7 32. Qxd7 Rb8 33. h3 g5
34. Qe7 Bf4 35. h4 h6 36. h5 1-0

[Event "4th HD Bank Cup 2014"]
[Site "Ho Chi Minh City VIE"]
[Date "2014.03.15"]
[Round "9.10"]
[White "Wynn Zaw Htun"]
[Black "Fang, Yan"]
[Result "1/2-1/2"]
[WhiteTitle "IM"]
[WhiteElo "2408"]
[BlackElo "2307"]
[WhiteFideId "13002783"]
[BlackFideId "8604746"]
[EventDate "2014.03.10"]

1. Nf3 Nf6 2. g3 g6 3. Bg2 Bg7 4. O-O O-O 5. d3 c5 6. Nbd2 Nc6 7. c3 d6 8. a4
Rb8 9. Re1 a6 10. Qc2 b5 11. axb5 axb5 12. e4 Nd7 13. Nf1 Qb6 14. Ne3 e6 15. Rd1
Bb7 16. Bd2 Ra8 17. Ne1 Ra6 18. Rdb1 Rfa8 19. Qd1 Nde5 20. f4 Nd7 21. h3 Na5 22.
Ng4 c4+ 23. d4 f5 24. Nf2 Nf6 25. e5 dxe5 26. fxe5 Nd5 27. Nf3 Nb3 28. Rxa6 Qxa6
29. Qc2 Na1 30. Qd1 Qa2 31. Ng5 Nb3 32. Bf4 Ra6 33. h4 Ba8 34. Ngh3 h6 35. Kh2
Ra7 36. Qc2 Na1 37. Qd1 b4 38. cxb4 c3 39. Qc1 c2 40. Rxa1 Qxa1 41. Qxc2 Rc7 42.
Qd2 Kh7 43. h5 Ne7 44. hxg6+ Nxg6 45. Nd3 Bxg2 46. Kxg2 Qa8+ 47. Kh2 Qc6 48. Nc5
Ne7 49. Qe2 Kg6 50. Bd2 Nd5 51. g4 Rf7 52. Qg2 Kh7 53. g5 Re7 54. gxh6 Bf8 55.
Ng5+ Kh8 56. b5 Qe8 57. Qh3 Qxb5 58. Ngxe6 Qe2+ 59. Qg2 Qh5+ 60. Kg1 Qd1+ 61.
Kh2 Qh5+ 62. Kg1 Qd1+ 63. Kh2 Qh5+ 1/2-1/2

[Event "4th HD Bank Cup 2014"]
[Site "Ho Chi Minh City VIE"]
[Date "2014.03.15"]
[Round "9.11"]
[White "Dimakiling, Oliver"]
[Black "Vo, Thanh Ninh"]
[Result "1-0"]
[WhiteTitle "IM"]
[WhiteElo "2364"]
[BlackElo "2299"]
[WhiteFideId "5202248"]
[BlackFideId "12402141"]
[EventDate "2014.03.10"]

1. c4 Nf6 2. Nc3 c5 3. Nf3 Nc6 4. e3 e6 5. d4 d5 6. a3 cxd4 7. exd4 dxc4 8. Bxc4
Be7 9. O-O O-O 10. Ba2 b6 11. Re1 Bb7 12. Qd3 Qd6 13. Bg5 Rfd8 14. Rad1 h6 15.
Bh4 Nd5 16. Nxd5 Bxh4 17. Nxh4 exd5 18. Nf5 Qg6 19. Qf3 Bc8 20. Ne3 Be6 21. Bxd5
Bxd5 22. Nxd5 Qd6 23. Re4 Qxd5 24. Re8+ Rxe8 25. Qxd5 Re6 26. h3 Rd8 27. Qc4
Red6 28. Re1 Kf8 29. Qc2 Nxd4 30. Qh7 Re6 31. Rxe6 Nxe6 32. Qe4 Rd7 33. f4 Nd8
34. b4 f6 35. Kh2 Kf7 36. Qc4+ Ke7 37. a4 Nf7 38. Qe4+ Kd8 39. a5 bxa5 40. bxa5
Nd6 41. Qc6 Nc8 42. Qc5 Nd6 43. g4 Ne8 44. Kg3 Nd6 45. Kh4 Ne8 46. Kh5 Nd6 47.
Kg6 Ne8 48. Kh7 Nd6 49. Kg8 Ne8 50. h4 Nd6 51. h5 Ne8 52. Kf8 Nd6 53. Qc6 Rf7+
54. Kg8 Rd7 55. a6 Nc8 56. Kf8 Nd6 57. Qa8+ Nc8 58. Qb8 Rc7 59. Qxc7+ Kxc7 60.
Kxg7 f5 61. g5 hxg5 62. h6 gxf4 63. h7 f3 64. h8=Q f2 65. Qh2+ Kb6 66. Qxf2+
Kxa6 67. Qxf5 Nb6 68. Kf7 Kb7 69. Ke6 Kc6 70. Qe4+ Kc7 71. Qc2+ Kb7 72. Kd6 Nc8+
73. Kc5 Nb6 74. Qe4+ Ka6 75. Qc6 1-0

[Event "4th HD Bank Cup 2014"]
[Site "Ho Chi Minh City VIE"]
[Date "2014.03.15"]
[Round "9.12"]
[White "Nguyen, Van Hai"]
[Black "Kuderinov, Kirill"]
[Result "0-1"]
[WhiteTitle "IM"]
[BlackTitle "IM"]
[WhiteElo "2341"]
[BlackElo "2454"]
[WhiteFideId "12400122"]
[BlackFideId "13701568"]
[EventDate "2014.03.10"]

1. d4 Nf6 2. Bg5 Ne4 3. Bf4 c5 4. f3 Nf6 5. dxc5 Qa5+ 6. Nc3 Qxc5 7. e4 d6 8.
Qd2 g6 9. Nge2 Bg7 10. O-O-O O-O 11. Bh6 b5 12. h4 b4 13. Na4 Qa5 14. b3 Bd7 15.
Bxg7 Kxg7 16. h5 Bxa4 17. hxg6 fxg6 18. Qh6+ Kf7 19. bxa4 Rc8 20. Rd2 Nbd7 21.
g4 Rc5 22. Nd4 Qxa4 23. g5 Qxa2 24. Kd1 Ne8 25. Rh4 Ng7 26. Bh3 Nf8 27. f4 Rc4
28. Nb3 Qb1+ 29. Nc1 b3 0-1

[Event "4th HD Bank Cup 2014"]
[Site "Ho Chi Minh City VIE"]
[Date "2014.03.15"]
[Round "9.13"]
[White "Tu, Hoang Thong"]
[Black "Hoang, Canh Huan"]
[Result "1-0"]
[WhiteTitle "GM"]
[BlackTitle "FM"]
[WhiteElo "2434"]
[BlackElo "2321"]
[WhiteFideId "12400076"]
[BlackFideId "12400599"]
[EventDate "2014.03.10"]

1. d4 d5 2. Nf3 Nf6 3. c4 c6 4. Qc2 g6 5. e3 Bg7 6. Be2 O-O 7. O-O Bg4 8. Nbd2
Nbd7 9. h3 Bf5 10. Qb3 Qb6 11. Qa3 Rfe8 12. Nh4 Be6 13. c5 Qc7 14. b4 a5 15. b5
b6 16. cxb6 Qxb6 17. Rb1 c5 18. Bb2 c4 19. Bc3 Qa7 20. f4 Nb6 21. Bf3 Nfd7 22.
Qc1 Bf6 23. Qe1 Na4 24. Ba1 Ndb6 25. g4 Bd7 26. Bg2 Rac8 27. Ndf3 c3 28. Rb3 c2
29. Qc1 Rc7 30. g5 Bg7 31. Ne1 Rec8 32. Rf2 f6 33. gxf6 Bxf6 34. Nhf3 Bf5 35.
Ne5 Bxe5 36. dxe5 e6 37. Bd4 Qb7 38. Bf1 Kg7 39. Kh2 Nc4 40. Bd3 Be4 41. Bxe4
dxe4 42. Rxc2 Nab6 43. Rbc3 1-0

[Event "4th HD Bank Cup 2014"]
[Site "Ho Chi Minh City VIE"]
[Date "2014.03.15"]
[Round "9.14"]
[White "Tin, Jingyao"]
[Black "Sukandar, Irine Kharisma"]
[Result "0-1"]
[WhiteTitle "FM"]
[BlackTitle "WGM"]
[WhiteElo "2225"]
[BlackElo "2343"]
[WhiteFideId "5804418"]
[BlackFideId "7101937"]
[EventDate "2014.03.10"]

1. d4 Nf6 2. c4 e6 3. Nc3 Bb4 4. Qc2 d5 5. a3 Bxc3+ 6. Qxc3 Ne4 7. Qc2 O-O 8.
Nf3 b6 9. Bf4 c5 10. cxd5 exd5 11. e3 Bf5 12. Qa4 a6 13. Be2 c4 14. O-O b5 15.
Qd1 a5 16. Re1 Nc6 17. Nd2 b4 18. Nxe4 Bxe4 19. axb4 Nxb4 20. Rc1 a4 21. Qd2 Qb6
22. Rc3 Rfd8 23. Ra1 Nc2 24. Rxc2 Qg6 25. Bf3 Bxc2 26. Qb4 Be4 27. Bxe4 Qxe4 28.
h4 Qc2 29. Ra3 h6 30. Qb7 Qd1+ 31. Kh2 Qg4 32. Bg3 Qd7 33. Qb4 Qc6 34. Rc3 Rd7
35. e4 Rb7 36. Qc5 Qxc5 37. dxc5 Rc8 38. Bd6 Rb3 39. Rc2 c3 40. bxc3 dxe4 41.
Rd2 Rxc3 42. Rd4 Ra8 43. Rxe4 a3 44. Re1 a2 45. Ra1 Rb3 46. c6 Rb1 47. Be5 Rxa1
48. Bxa1 Rc8 0-1